Duševné vlastníctvo a transfer technológií 3

Bibliographic Details
Main Authors: Adamová, Zuzana, 1978- (Author), Bačárová, Renáta, 1974- (Author), Kratěnová, Jana (Author)
Format: Book
Language:Slovak
PhysicalDescription:72 s. tab. 20 cm
Published: Bratislava Centrum vedecko-technických informácií SR 2014
ISBN:9788089354399 (brož.)
Subjects:

MARC

LEADER 00000nam a2200000 a 4500
001 vtls010652855
003 SK-MaSNL
005 20260301035231.0
008 160430s2014 xo a g n 000 0 slo
015 |a SNBA2015/03 
020 |a 9788089354399 (brož.) 
035 |a 91B86B9E-20D6-4C5D-83FB-F7D611410ECB 
035 |a urn:nbn:sk:snk-amjq4k 
035 |a urn:nbn:sk:snk-am002gel 
040 |a SNK  |b slo  |c SNK  |e AACR2 
041 0 |a slo 
044 |a xo  |c SK 
072 7 |a 347.7  |x Obchodné právo. Finančné právo. Právo priemyselného vlastníctva. Patentové právo. Autorské právo  |2 konspekt 
072 7 |a 00  |x Veda. Všeobecnosti. Základy vedy a kultúry. Vedecká práca  |2 konspekt 
080 |a 347.77/.78  |2 2001 
080 |a 001.83-027.543  |2 2001 
080 |a (048.8)  |2 2001 
245 0 0 |a Duševné vlastníctvo a transfer technológií 3  |c [vypracovali: Zuzana Adamová, Renáta Bačárová, Jana Kratěnová] 
260 |a Bratislava  |b Centrum vedecko-technických informácií SR  |c 2014 
300 |a 72 s.  |b tab.  |c 20 cm 
500 |a Názov z obalu 
504 |a Bibliogr. odkazy 
650 0 7 |a právo duševného vlastníctva  |2 SNKPH  |9 4270 
650 0 7 |a transfer technológií  |2 SNKPH  |9 82190 
650 0 7 |a Intellectual property  |2 SNKPHeng  |9 268390 
650 0 7 |a Technology transfer  |2 SNKPHeng  |9 335163 
655 7 |a monografie  |2 SNKPH  |9 70139 
655 7 |a Monographs  |2 SNKPHeng  |9 120675 
700 1 |a Adamová, Zuzana,  |d 1978-  |4 aut  |9 194436 
700 1 |a Bačárová, Renáta,  |d 1974-  |4 aut  |9 234792 
700 1 |a Kratěnová, Jana  |4 aut  |9 337457 
919 |a 978-80-89354-39-9 
958 |a NB 
999 |c 583549  |d 585479 
952 |a SNK  |b SNK  |y PREZ  |7 0  |p 17A1137476  |o snkSD 83917  |i snk2015/4347  |8 0  |0 0  |1 0  |4 0  |d 2015-02-06  |f 1  |l 0  |r 2017-06-30 00:00:00  |w 2026-02-23 
952 |a SNK  |b SNK  |y VYP  |7 0  |p 17A1137477  |o snkSD 83917 D1  |i snk2015/4348  |8 0  |0 0  |1 0  |4 0  |d 2015-02-06  |l 0  |r 2026-02-23 14:59:41  |w 2026-02-23